Missing Word: '60s Sitcoms Quiz Stats

 Plays Quiz Updated Jan 20, 2016

Challenge
Share
Tweet
Embed
Score 0/20 Timer 03:00
0 Plays Today
1960s Sitcom Missing Word % Correct
The Dick Van ____ ShowDyke
98.8%
Gilligan's ____Island
98.2%
Addams ____Family
98.1%
____ It to BeaverLeave
98%
____ HillbilliesBeverly
97.9%
I ____ Of JeannieDream
97.9%
____ The MenaceDennis
97%
____ SmartGet
96.8%
The ____ Griffith ShowAndy
96.5%
Hogan's ____Heroes
95.4%
1960s Sitcom Missing Word % Correct
____ EdMister
93.6%
____ AcresGreen
93.1%
My ____ SonsThree
92.3%
Gomer ____: U.S.M.C.Pyle
89.3%
The Doris ____ ShowDay
88.9%
____ 54 Where Are You?Car
88.3%
The ____ NunFlying
87.9%
McHale's ____Navy
83.4%
The Donna ____ ShowReed
76.3%
The ____ & Mrs. MuirGhost
73.9%

Today's Daily Dose

You're not logged in!

Compare scores with friends on all Sporcle quizzes.
OR
Log In

You Might Also Like...

Show Comments

Extras

Top Quizzes Today


Score Distribution

Your Account Isn't Verified!

In order to create a playlist on Sporcle, you need to verify the email address you used during registration. Go to your Sporcle Settings to finish the process.

Report this User

Report this user for behavior that violates our Community Guidelines.

Details: